Volleyball Calls - Statistics

General Stats
  • This quiz has been taken 704 times
  • The average score is 7 of 16
Answer Stats
Picture Answer % Correct
Out
99%
In
97%
begin serve | serve
62%
double
62%
time out
62%
Touch out | touch
54%
sub | substitusion
48%
antenna
44%
foot fault | footfault
42%
four touches
42%
illegal pass | carry
34%
over the net | over
23%
Blocked view | view blocked | did not see | dont know
15%
end of set | set over
14%
challenge | challenge play
3%
illegal hit | illegal swing
2%
No matching quizzes found
Score Distribution
Percent of People with Each Score
Percentile by Number Answered
Your Score History
You have not taken this quiz